Desať tipov ako zlepšiť obchodovanie s derivátmi

CFD znamená Contract for Difference (kontrakt na rozdiel). Finančný derivát CFD ponúka všetky výhody obchodovania s akciami bez nutnosti ich fyzického vlastníctva (pri CFD teda nedochádza k fyzickej dodávke aktíva, na ktoré znejú). Deriváty CFD a investori.

Salvato in:
Dettagli Bibliografici
Autore principale: Lorinc, Ivan
Natura: Capitolo di libro
Lingua:slovacco
Soggetti:
Tags: Aggiungi Tag
Nessun Tag, puoi essere il primo ad aggiungerne!!

MARC

LEADER 00000nla$a2200000$$$4500
001 0054032
005 20231121080742.3
041 0 |a slo 
044 |a SK 
245 1 0 |a Desať tipov ako zlepšiť obchodovanie s derivátmi  |c Ivan Lorinc 
520 |a CFD znamená Contract for Difference (kontrakt na rozdiel). Finančný derivát CFD ponúka všetky výhody obchodovania s akciami bez nutnosti ich fyzického vlastníctva (pri CFD teda nedochádza k fyzickej dodávke aktíva, na ktoré znejú). Deriváty CFD a investori. 
610 2 0 |a obchody burzové 
610 2 0 |a deriváty 
610 2 0 |a investori 
610 2 0 |a investovanie 
100 1 |a Lorinc, Ivan